000
00338nam a2200133Ia 4500
008
100328s9999 xx 000 0 und d
082
_b
16220
100
_a
Fox H. Munro
245
_a
The Powonality of Animals
260
_b
Penguin Books
630
_a
The Powonality of Animals
730
_a
The Powonality of Animals
942
_c
BOOK
999
_c
510927
_d
510924